| 000 | 01005cam a2200229 a 4500 | ||
|---|---|---|---|
| 005 | 20160816152443.0 | ||
| 008 | 040604s2003 ck ao r 000 0 spa d | ||
| 040 |
_aCO-BoPUJ _cCO-BoIAVH _dCO-BoIAVH |
||
| 041 | 0 | _aspa | |
| 044 | _ack | ||
| 082 | 0 | 4 |
_a597.49 _bH43a |
| 245 | 0 | 0 |
_aHábitos alimentarios y vida reproductiva del Capitán de la Sabana Eremophilusmutisii (pisces) _bdel tramo del río Bogotá en el municipio de Suesca (Cundinamarca), Colombia _ceditado por Fernando Vásquez Lalinde |
| 260 |
_aBogotá : _bFundación al Verde Vivo, _c2003. |
||
| 300 |
_a40 páginas : _bilustraciones y fotografías a color ; _c21 x 14 cm. |
||
| 504 | _aIncluye referencias bibliográficas: páginas 38-39. | ||
| 650 | 2 | 6 |
_aIctiología _xInvestigaciones _zRío Bogotá (Colombia) |
| 650 | 2 | 4 | _aEremophilus murisii |
| 650 | 2 | 6 |
_aPeces _xAlimentación y alimentos |
| 650 | 2 | 4 | _aCapitán de la sabana |
| 700 | 1 |
_aVásquez Lalinde, Luis Fernando _eeditor |
|
| 942 |
_2ddc _cLIBRO |
||
| 999 |
_c3986 _d3986 |
||